[Event "Baile Felix Cup 26th"]
[Site "Baile Felix"]
[Date "2011.05.20"]
[Round "1"]
[White "Tyukodi, Petra"]
[Black "Helmer, Janos"]
[Result "0-1"]
[WhiteElo "1703"]
[BlackElo "2196"]
[PlyCount "99"]
[EventDate "2011.05.20"]
[EventType "swiss"]
[EventRounds "7"]
[EventCountry "ROU"]
[SourceTitle "CBM 142 Extra"]
[Source "ChessBase"]
[SourceDate "2011.06.27"]
[SourceVersion "1"]
[SourceVersionDate "2011.06.27"]
[SourceQuality "1"]

1. d3 d5 2. Nf3 c5 3. Nbd2 Nc6 4. e4 Nf6 5. Be2 e5 6. 0-0 Be7 7. c3 0-0 8. Qc2 h6 9. h3 Be6 10. b3 d4 11. c4 Nh7 12. Ne1 Qd7 13. Ndf3 f5 14. exf5 Bxf5 15. Nh2 Bd6 16. Bg4 Rae8 17. f3 Nf6 18. Bxf5 Qxf5 19. a3 e4 20. dxe4 Nxe4 21. Ng4 Ng3 22. Qxf5 Rxf5 23. Bxh6 Nxf1 24. Kxf1 Ne5 25. Bd2 Ng6 26. Nd3 Bg3 27. Be1 Bxe1 28. Nxe1 Nf4 29. Nf2 Ne2 30. Ne4 Rxe4 31. Ra2 Nc3 32. Rf2 Re3 33. Nc2 Rd3 34. Kg1 Ne4 35. Re2 Rd1+ 36. Re1 Rxe1+ 37. Nxe1 Nd2 38. Kf2 Nxb3 39. Nd3 Nd2 40. Nb2 Rf6 41. Ke2 Rb6 42. Nd3 Nxc4 43. Nxc5 Rb2+ 44. Kd3 Nxa3 45. Kxd4 b6 46. Nd3 Rxg2 47. Ke4 Nc2 48. Nf4 Rh2 49. Kd3 Ne1+ 50. Ke3 0-1

[Event "ROM-ch U14 Girls"]
[Site "Voineasa"]
[Date "2008.04.17"]
[Round "8"]
[White "Tyukodi, Petra"]
[Black "Morea, Georgiana Steluta"]
[Result "0-1"]
[WhiteElo "540"]
[BlackElo "1746"]
[PlyCount "117"]
[EventDate "2008.04.08"]
[EventType "swiss"]
[EventRounds "9"]
[EventCountry "ROU"]
[SourceTitle "EXT 2013"]
[Source "ChessBase"]
[SourceDate "2012.11.22"]
[SourceVersion "1"]
[SourceVersionDate "2012.11.22"]
[SourceQuality "1"]

1. d4 Nf6 2. c4 g6 3. Nf3 Bg7 4. Nc3 0-0 5. e3 d6 6. Be2 Nbd7 7. 0-0 e5 8. dxe5 Nxe5 9. Nxe5 dxe5 10. b3 Bf5 11. Bb2 Qe7 12. Qc1 Rfd8 13. Bf3 Bd3 14. Re1 e4 15. Be2 Rd7 16. Bxd3 Rxd3 17. Qc2 Rad8 18. Rad1 Qd6 19. Rxd3 exd3 20. Qd2 Ng4 21. g3 Qb6 22. Rc1 Ne5 23. Kg2 Qc5 24. Nd5 c6 25. Nf4 Qe7 26. Bxe5 Qxe5 27. Rd1 Bh6 28. Nxd3 Qe4+ 29. Kg1 Qf3 30. Qc1 Bg7 31. Rd2 Qf5 32. Ne1 Re8 33. Qc2 Qe6 34. Nf3 c5 35. Qd1 Qe4 36. Rd7 Bh6 37. Qd5 Qb1+ 38. Kg2 Rf8 39. Ne5 Qf5 40. Rxb7 Bxe3 41. fxe3 Qc2+ 42. Kh3 Qf5+ 43. g4 Qf1+ 44. Qg2 Qa1 45. Nd3 Qf6 46. Nxc5 Re8 47. Ne4 Qc6 48. Ng3 Qf6 49. Qf1 Qe6 50. Ne4 f5 51. Nd2 Qxe3+ 52. Qf3 Qh6+ 53. Kg3 Re3 54. Rb8+ Kf7 55. Rb7+ Ke6 56. gxf5+ gxf5 57. Rxa7 Rxf3+ 58. Nxf3 Qe3 59. Rxh7 0-1

[Event "ROM-ch U14 Girls"]
[Site "Voineasa"]
[Date "2008.04.12"]
[Round "1"]
[White "Foisor, Mihaela Veronica"]
[Black "Tyukodi, Petra"]
[Result "1-0"]
[WhiteElo "2344"]
[BlackElo "540"]
[PlyCount "161"]
[EventDate "2008.04.08"]
[EventType "swiss"]
[EventRounds "9"]
[EventCountry "ROU"]
[SourceTitle "EXT 2013"]
[Source "ChessBase"]
[SourceDate "2012.11.22"]
[SourceVersion "1"]
[SourceVersionDate "2012.11.22"]
[SourceQuality "1"]

1. d4 d6 2. c4 Nf6 3. Nc3 Nbd7 4. Nf3 e5 5. e3 Be7 6. Bd3 0-0 7. 0-0 c6 8. b4 b6 9. Qb3 Bb7 10. Ba3 c5 11. bxc5 dxc5 12. d5 Ne8 13. e4 Nd6 14. Nb5 Re8 15. Nxd6 Bxd6 16. Rfe1 Nf8 17. Bc1 Ng6 18. Bd2 Bc8 19. h3 h6 20. a4 Rb8 21. Qc3 Qf6 22. Bf1 Nh4 23. Nxh4 Qxh4 24. Qg3 Qxg3 25. fxg3 Be7 26. Bd3 Rd8 27. Bc3 Bf6 28. Reb1 Bd7 29. Rb2 Kf8 30. Bc2 Ke7 31. a5 b5 32. cxb5 Rxb5 33. Bd3 Rxb2 34. Bxb2 Rb8 35. Ba3 Kd6 36. Rc1 Rc8 37. Rb1 Bd8 38. Ba6 Rc7 39. Rb8 Bg5 40. Bc4 Bd2 41. a6 Be3+ 42. Kf1 Rc8 43. Rb7 Rc7 44. Ke2 Bd4 45. Rb1 f5 46. Rf1 fxe4 47. g4 Be8 48. Rf8 Bf7 49. Rb8 Kd7 50. Rb7 Kd6 51. Rxc7 Kxc7 52. d6+ Kxd6 53. Bxf7 Kc7 54. Bd5 Kb6 55. Bxe4 Kxa6 56. Kd3 Kb5 57. Bd5 Ka4 58. Bc1 a6 59. Kc4 Ka5 60. h4 Kb6 61. g5 hxg5 62. Bxg5 Kc7 63. g4 a5 64. h5 a4 65. Bc1 Kb6 66. g5 Kc7 67. h6 gxh6 68. gxh6 e4 69. Bxe4 Kb6 70. h7 Bh8 71. Bd2 a3 72. Bb1 Kc6 73. Bc3 Bxc3 74. Kxc3 a2 75. Bxa2 Kd6 76. h8Q Kc6 77. Qf6+ Kd7 78. Qe6+ Kc7 79. Bd5 Kd8 80. Qf7 Kc8 81. Bc6 1-0

[Event "ROM-ch U14 Girls"]
[Site "Voineasa"]
[Date "2008.04.12"]
[Round "6"]
[White "Lucian Hoffmann, Monica Karina"]
[Black "Tyukodi, Petra"]
[Result "1-0"]
[WhiteElo "1708"]
[BlackElo "540"]
[PlyCount "85"]
[EventDate "2008.04.08"]
[EventType "swiss"]
[EventRounds "9"]
[EventCountry "ROU"]
[SourceTitle "EXT 2013"]
[Source "ChessBase"]
[SourceDate "2012.11.22"]
[SourceVersion "1"]
[SourceVersionDate "2012.11.22"]
[SourceQuality "1"]

1. e4 c5 2. Nf3 e6 3. d4 cxd4 4. Nxd4 a6 5. a3 d6 6. Nc3 Qc7 7. Be3 Nf6 8. Be2 Be7 9. 0-0 0-0 10. h3 Nbd7 11. Nb3 b6 12. Qd2 Bb7 13. f3 d5 14. Rad1 Rfd8 15. exd5 Nxd5 16. Nxd5 Bxd5 17. Bf4 Qb7 18. c4 Bc6 19. Nd4 Bc5 20. b4 Bxd4+ 21. Qxd4 Qc8 22. Qc3 Nf6 23. Bg5 Rxd1 24. Rxd1 Nd7 25. Bd3 f6 26. Be3 Qc7 27. Qc2 Nf8 28. Be4 Bxe4 29. Qxe4 Rc8 30. c5 b5 31. Rd6 Rd8 32. Bf4 Rxd6 33. Bxd6 Qc8 34. Bxf8 f5 35. Qe5 Kxf8 36. Qd6+ Ke8 37. c6 h6 38. Kf2 Kf7 39. Ke3 g5 40. Kd4 Qa8 41. Qd7+ Kf6 42. c7 Qa7+ 43. Kd3 1-0